| 000 | 00696nam a2200241 i 4500 | ||
|---|---|---|---|
| 001 | bg | ||
| 100 | 1 |
_aOTOK, Stanisław _d(1932- ) |
|
| 245 | 1 | 0 |
_aGeografia polityczna : _bgeopolityka, państwo, ekopolityka / _cStanisław Otok. |
| 250 | _aWyd. 3 uzup. | ||
| 260 |
_aWarszawa : _bWydaw. Naukowe PWN, _c1998. |
||
| 300 |
_a192 s. : _bmapy, rys., wykr. ; _c24 cm. |
||
| 500 | _aSpis treści również ang. | ||
| 504 | _aBibliogr. s. 176-185. | ||
| 650 | 9 | _aGeografia polityczna | |
| 655 | _aPodręczniki | ||
| 020 | _a8301125713 | ||
| 040 | _cBPK | ||
| 041 | 0 |
_apl _ben |
|
| 080 | _a911.3:32](07) | ||
| 920 | _a83-01-12571-3 | ||
| 942 | _cKS | ||
| 008 | s pl f |000 0 pol | ||
| 999 |
_c34320 _d34320 |
||
| 856 |
_uhttp://koha.tu.koszalin.pl/cgi-bin/koha/opac-detail.pl?biblionumber=34320 _yKatalog online BPK |
||